000
00299nam a2200121Ia 4500
008
220204s9999 xx 000 0 und d
082
_a
621.7
_b
CHA
100
_a
Chapman, W A J
245
0
_a
Elementary workshop calculations
250
_a
Ed.4
260
_a
London
_b
Edward Arnold
_c
1972
942
_c
BK
999
_c
30751
_d
30751